Ten years of agricultural research in Bangladesh : (Record no. 516)

MARC details
000 -LEADER
fixed length control field 01028nam a2200265 a 4500
001 - CONTROL NUMBER
control field BD-DhSAU 516
003 - CONTROL NUMBER IDENTIFIER
control field BD-DhSAU
005 - DATE AND TIME OF LATEST TRANSACTION
control field 20150101022636.0
008 - FIXED-LENGTH DATA ELEMENTS--GENERAL INFORMATION
fixed length control field 870424s1985 bg ab b f100 0 eng
040 ## - CATALOGING SOURCE
Transcribing agency BD-DhSAU
082 00 - DEWEY DECIMAL CLASSIFICATION NUMBER
Classification number 630.72
Edition number 22
Item number TEN
111 2# - MAIN ENTRY--MEETING NAME
Meeting name or jurisdiction name as entry element National Symposium on Agricultural Research
Date of meeting (1983 :
Location of meeting Dhaka, Bangladesh)
245 10 - TITLE STATEMENT
Title Ten years of agricultural research in Bangladesh :
Remainder of title proceedings of the National Symposium on Agricultural Research /
260 ## - PUBLICATION, DISTRIBUTION, ETC. (IMPRINT)
Place of publication, distribution, etc. Dhaka :
Name of publisher, distributor, etc. Bangladesh Agricultural Research Council ;
Date of publication, distribution, etc. 1985.
300 ## - PHYSICAL DESCRIPTION
Extent xviii, 277 p. :
Other physical details ill. ;
Dimensions 24 cm.
500 ## - GENERAL NOTE
General note "Sponsored by the Bangladesh Agricultural Research Council"--T.p. verso.
504 ## - BIBLIOGRAPHY, ETC. NOTE
Bibliography, etc Includes bibliographies.
590 ## - Name of Cataloguer
Name of Cataloger joy
650 #0 - SUBJECT ADDED ENTRY--TOPICAL TERM
Topical term or geographic name as entry element Agriculture
General subdivision Research
Geographic subdivision Bangladesh
General subdivision Congresses.
650 #0 - SUBJECT ADDED ENTRY--TOPICAL TERM
Topical term or geographic name as entry element Agronomy
650 #0 - SUBJECT ADDED ENTRY--TOPICAL TERM
Topical term or geographic name as entry element Agriculture
Geographic subdivision Bangladesh
General subdivision Congresses.
710 2# - ADDED ENTRY--CORPORATE NAME
Corporate name or jurisdiction name as entry element Bāṃlādeśa Kr̥shi Gabeshaṇā Kāunsila.
740 0# - ADDED ENTRY--UNCONTROLLED RELATED/ANALYTICAL TITLE
Uncontrolled related/analytical title 10 years of agricultural research in Bangladesh.
906 ## - LOCAL DATA ELEMENT F, LDF (RLIN)
g y-gencatlg
942 ## - ADDED ENTRY ELEMENTS (KOHA)
Source of classification or shelving scheme Dewey Decimal Classification
Koha item type Book
Holdings
Withdrawn status Lost status Source of classification or shelving scheme Damaged status Not for loan Home library Branch Name Shelving location Date acquired Total Checkouts Full call number Barcode Date last seen Price effective from Koha item type
    Dewey Decimal Classification     SAU Library SAU Library General Stacks 09/04/2003   630.72 TEN 31702 01/01/2015 01/01/2015 Book
    Dewey Decimal Classification     SAU Library SAU Library General Stacks 07/12/2005   630.72 TEN 31574 28/01/2015 28/01/2015 Book
    Dewey Decimal Classification   Not For Loan SAU Library SAU Library Reference 31/01/2007   630.72 TEN 32242 28/05/2015 28/05/2015 Book